[Event "SK Schwäbisch Hall - Stuttgarter SF"]
[Site "?"]
[Date "2023.12.10"]
[Round "4.4"]
[White "Gajcin, Marina"]
[Black "Hofmann, Martin"]
[Result "1-0"]
[WhiteElo "2235"]
[BlackElo "2216"]
[PlyCount "119"]
[EventDate "2023.??.??"]

1. e4 c5 2. Nf3 e6 3. d4 cxd4 4. Nxd4 Nc6 5. Nc3 Qc7 6. Be3 a6 7. g4 d6 8. g5 Bd7 9. h4 Nxd4 10. Qxd4 Ne7 11. O-O-O Nc6 12. Qb6 Qxb6 13. Bxb6 Rc8 14. f4 h6 15. Be2 Ne7 16. Bf3 Ng6 17. Ne2 Bb5 18. Be3 hxg5 19. hxg5 Rxh1 20. Rxh1 Bxe2 21. Bxe2 e5 22. f5 Nf4 23. Bxf4 exf4 24. Kd1 Rc5 25. Bd3 Be7 26. Rh8+ Bf8 27. Ke2 g6 28. Rg8 d5 29. fxg6 fxg6 30. Rxg6 dxe4 31. Bxe4 Be7 32. Bxb7 Rxc2+ 33. Kf3 Rxb2 34. Rg8+ Kd7 35. Bc8+ Kc7 36. Rg7 Kxc8 37. Rxe7 Kd8 38. Ra7 Rb6 39. Kxf4 Ke8 40. Kf5 Kf8 41. a3 Kg8 42. a4 Rc6 43. g6 Rc5+ 44. Kf6 Rc6+ 45. Kg5 Rc1 46. Rxa6 Rg1+ 47. Kf6 Rf1+ 48. Ke7 Kg7 49. Kd7 Rc1 50. a5 Rc5 51. Ra8 Kxg6 52. a6 Kf7 53. Rc8 Ra5 54. Rc6 Ra1 55. Kd8 Ra2 56. Rb6 Ra1 57. Kc7 Ke7 58. Kb7 Rd1 59. a7 Rd7+ 60. Ka6 1-0

[Event "SK Schwäbisch Hall - Stuttgarter SF"]
[Site "?"]
[Date "2023.12.10"]
[Round "4.5"]
[White "Fritsch, Rolf"]
[Black "Danada, Tomas"]
[Result "1/2-1/2"]
[WhiteElo "2195"]
[BlackElo "2229"]
[PlyCount "29"]
[EventDate "2023.??.??"]

1. c4 e6 2. g3 d5 3. Bg2 Nf6 4. Nf3 Be7 5. d4 O-O 6. Qc2 c5 7. O-O cxd4 8. Nxd4 dxc4 9. Qxc4 e5 10. Nf3 Nc6 11. Nc3 Be6 12. Qa4 a6 13. Ng5 Bd7 14. Qc2 h6 15. Nge4 1/2-1/2

[Event "SK Schwäbisch Hall - Stuttgarter SF"]
[Site "?"]
[Date "2023.12.10"]
[Round "4.6"]
[White "Mudrak, Josef"]
[Black "Maeurer, Christoph"]
[Result "1-0"]
[WhiteElo "2214"]
[BlackElo "2247"]
[PlyCount "103"]
[EventDate "2023.??.??"]

1. d4 e6 2. Nf3 d5 3. c4 Nf6 4. g3 Be7 5. Bg2 O-O 6. O-O dxc4 7. a4 Nc6 8. a5 Rb8 9. Nc3 b5 10. axb6 axb6 11. e4 Na5 12. Bf4 Bb7 13. Qc2 Ra8 14. d5 exd5 15. exd5 Nb3 16. Rad1 h6 17. Ne5 Bd6 18. Nb5 Na5 19. Rfe1 Re8 20. Nxd6 cxd6 21. Nc6 Qd7 22. Rxe8+ Rxe8 23. Nxa5 bxa5 24. Qxc4 Rc8 25. Qb3 Ba6 26. Qb6 Be2 27. Re1 Bc4 28. Qxa5 Rc5 29. Qa8+ Kh7 30. Qf8 Bxd5 31. Qxd6 Qxd6 32. Bxd6 Rc2 33. b4 Rb2 34. Bxd5 Nxd5 35. Re4 f5 36. Rd4 Nc3 37. Rd3 Ne4 38. Bc5 Nxc5 39. bxc5 Rc2 40. Rd5 Kg6 41. h4 Kf6 42. Rd6+ Ke5 43. Rg6 Rxc5 44. Rxg7 Kf6 45. Rb7 Kg6 46. Rb6+ Kh5 47. Rf6 Kg4 48. Kg2 Rc2 49. Rxh6 f4 50. Rg6+ Kf5 51. Rg5+ Ke4 52. Rg4 1-0

[Event "SK Schwäbisch Hall - Stuttgarter SF"]
[Site "?"]
[Date "2023.11.10"]
[Round "4.7"]
[White "Gabriel, Robert"]
[Black "Buran, Jaroslav"]
[Result "1/2-1/2"]
[WhiteElo "2199"]
[BlackElo "1987"]
[PlyCount "54"]
[EventDate "2023.??.??"]

1. d4 Nf6 2. Nf3 c5 3. e3 cxd4 4. exd4 d5 5. Bd3 Nc6 6. c3 g6 7. Bf4 Bg7 8. Ne5 Nh5 9. Nxc6 bxc6 10. Be3 O-O 11. Nd2 Qb6 12. b4 a5 13. a3 Ba6 14. Nb3 axb4 15. cxb4 f5 16. f4 Bc4 17. Bxc4 dxc4 18. Nc5 Rxa3 19. Rxa3 Qxb4+ 20. Qd2 Qxa3 21. O-O Rb8 22. Qc1 Qxc1 23. Rxc1 Nxf4 24. Bxf4 Bxd4+ 25. Kf1 e5 26. Nd7 Rb5 27. Rxc4 Kf7 1/2-1/2

[Event "SK Schwäbisch Hall - Stuttgarter SF"]
[Site "?"]
[Date "2023.12.10"]
[Round "4.8"]
[White "Karatsioras, Nikolaos"]
[Black "Lorscheid, Gerhard"]
[Result "0-1"]
[WhiteElo "1982"]
[BlackElo "2115"]
[PlyCount "120"]
[EventDate "2023.??.??"]

1. e4 d6 2. Nc3 Nf6 3. d4 e5 4. dxe5 dxe5 5. Qxd8+ Kxd8 6. Bg5 Be6 7. O-O-O+ Nbd7 8. Nf3 Kc8 9. Bh4 h6 10. Bg3 Bd6 11. Nd2 Bc5 12. Nb3 Bd6 13. Nd2 Nh5 14. Nc4 Bc5 15. f3 Nxg3 16. hxg3 f6 17. Bd3 c6 18. Kb1 Kc7 19. g4 b5 20. Nd2 a5 21. Ne2 Rhd8 22. Ng3 Bf8 23. Be2 a4 24. Nf5 Nc5 25. Rhe1 Bf7 26. Nf1 Ne6 27. Rxd8 Rxd8 28. g3 g6 29. N5e3 Bc5 30. c3 Rh8 31. Kc2 Ng5 32. Kb1 Be6 33. Bd1 Rd8 34. Be2 Nh3 35. Nc2 Ng1 36. Nfe3 Nxe2 37. Rxe2 Rd3 38. f4 Bf7 39. f5 g5 40. Re1 Rd2 41. Rh1 Bf8 42. Rd1 Rh2 43. Rg1 Bc5 44. Re1 Bg8 45. Nb4 Bb6 46. Nbc2 Rf2 47. Rh1 Re2 48. Nd1 Bxa2+ 49. Kxa2 Rxc2 50. Kb1 Re2 51. Rxh6 Rxe4 52. Rxf6 Rxg4 53. Re6 Rxg3 54. Rxe5 Rf3 55. f6 g4 56. Rg5 g3 57. Rg7+ Kd6 58. Kc2 Bf2 59. f7 Ke6 60. Kd2 Rxf7 0-1

[Event "SV Jedesheim - SG SchwÃ¤bisch GmÃ¼nd"]
[Site "?"]
[Date "2023.12.10"]
[Round "4.1"]
[White "Velicka, Petr"]
[Black "Krassowizkij, Jaroslaw"]
[Result "1/2-1/2"]
[WhiteElo "2367"]
[BlackElo "2423"]
[PlyCount "44"]
[EventDate "2023.??.??"]

1. e4 e5 2. Nf3 Nc6 3. Bb5 Nf6 4. O-O Nxe4 5. d4 Nd6 6. Bxc6 dxc6 7. dxe5 Nf5 8. Qxd8+ Kxd8 9. h3 Be7 10. Rd1+ Ke8 11. Bg5 h5 12. Nc3 Be6 13. a3 h4 14. Bxe7 Kxe7 15. Ne2 Bd5 16. Nfd4 Nxd4 17. Nxd4 Rad8 18. Rd2 g5 19. Re1 Be6 20. Nf3 Rxd2 21. Nxd2 Bf5 22. c3 a5 1/2-1/2

[Event "SV Jedesheim - SG SchwÃ¤bisch GmÃ¼nd"]
[Site "?"]
[Date "2023.12.10"]
[Round "4.2"]
[White "Atlas, Valery"]
[Black "Jurek, Josef"]
[Result "1-0"]
[WhiteElo "2418"]
[BlackElo "2247"]
[PlyCount "131"]
[EventDate "2023.??.??"]

1. e4 e6 2. d4 d5 3. Nc3 Bb4 4. e5 c5 5. a3 Bxc3+ 6. bxc3 Qa5 7. Bd2 Qa4 8. Qb1 c4 9. Nh3 Nc6 10. Nf4 Bd7 11. g3 O-O-O 12. Bh3 Nge7 13. Nh5 Rhg8 14. O-O Kb8 15. Re1 Rc8 16. Ra2 Rc7 17. Qd1 Bc8 18. Qf3 Nd8 19. Rb1 Qe8 20. a4 Rc6 21. Bc1 Ra6 22. Ba3 Ka8 23. Bc5 Nec6 24. Rba1 Nb8 25. Bf1 Nd7 26. Bb4 f6 27. exf6 gxf6 28. Re1 Qf7 29. Nf4 Nf8 30. Bg2 Ng6 31. Nh5 f5 32. Kf1 Nc6 33. Nf4 Nxf4 34. Qxf4 Rg4 35. Qd2 Nxb4 36. cxb4 Qg7 37. c3 f4 38. h3 Rg5 39. Qxf4 Rf5 40. Qe3 Rd6 41. Kg1 Rd8 42. a5 Rdf8 43. Rae2 Rg5 44. Qd2 Rgf5 45. Kh2 h5 46. h4 Qf6 47. f4 Qg7 48. Re5 Rg8 49. Qf2 Qf7 50. Bh3 Rf6 51. Rg5 Rxg5 52. hxg5 Rg6 53. Re5 a6 54. Qe3 Ka7 55. f5 exf5 56. Re7 Re6 57. Qxe6 Qxe6 58. Rxe6 Bxe6 59. Kg2 b6 60. Kf3 bxa5 61. bxa5 Kb7 62. Kf4 Kc6 63. Ke5 Bg8 64. Bxf5 Kb5 65. Kf6 Kxa5 66. Kg7 1-0

[Event "SV Jedesheim - SG SchwÃ¤bisch GmÃ¼nd"]
[Site "?"]
[Date "2023.12.10"]
[Round "4.3"]
[White "Flajsman, Pavel"]
[Black "Matt, Fabian"]
[Result "1-0"]
[WhiteElo "2206"]
[BlackElo "2271"]
[PlyCount "53"]
[EventDate "2023.??.??"]

1. Nf3 d5 2. g3 Nf6 3. Bg2 Bf5 4. O-O e6 5. c4 c6 6. cxd5 exd5 7. d3 Bd6 8. Qb3 Qc8 9. e4 dxe4 10. dxe4 Bxe4 11. Ng5 Bg6 12. Re1+ Kf8 13. Nd2 h6 14. Nc4 Bc5 15. Bh3 Nbd7 16. Nf3 Bh5 17. Nh4 Bg4 18. Nf5 Bxf2+ 19. Kxf2 Nc5 20. Qc2 Bxh3 21. Ncd6 Qd7 22. Qxc5 b6 23. Qa3 c5 24. Qf3 Qd8 25. Bf4 g6 26. Nxh6 Kg7 27. Nhxf7 1-0

[Event "SV Jedesheim - SG SchwÃ¤bisch GmÃ¼nd"]
[Site "?"]
[Date "2023.12.10"]
[Round "4.4"]
[White "Heidenfeld, Mark"]
[Black "Bergner, Philipp"]
[Result "1/2-1/2"]
[WhiteElo "2323"]
[BlackElo "2157"]
[PlyCount "47"]
[EventDate "2023.??.??"]

1. e4 e6 2. d4 d5 3. Nc3 Nf6 4. Bg5 h6 5. Bxf6 Qxf6 6. exd5 Bb4 7. a3 Bxc3+ 8. bxc3 exd5 9. Qf3 Nd7 10. Qxd5 O-O 11. Bd3 Re8+ 12. Ne2 Nb6 13. Qc5 Be6 14. Qxc7 Bf5 15. Qxb7 Bxd3 16. cxd3 Re7 17. Qf3 Qe6 18. c4 Rae8 19. Ra2 Nxc4 20. d5 Qa6 21. O-O Ne5 22. Qg3 Nxd3 23. d6 Rd7 24. Nf4 1/2-1/2

[Event "SV Jedesheim - SG SchwÃ¤bisch GmÃ¼nd"]
[Site "?"]
[Date "2023.12.10"]
[Round "4.5"]
[White "Hoenick, Andreas"]
[Black "Kranzl, Julian"]
[Result "0-1"]
[WhiteElo "2118"]
[BlackElo "2252"]
[PlyCount "60"]
[EventDate "2023.??.??"]

1. d4 Nf6 2. c4 e6 3. Nc3 Bb4 4. Nf3 b6 5. Bg5 Bb7 6. Nd2 h6 7. Bh4 O-O 8. Qc2 d5 9. O-O-O c5 10. dxc5 bxc5 11. e3 Nbd7 12. a3 Bxc3 13. Qxc3 Qb6 14. f3 Bc6 15. g4 d4 16. exd4 cxd4 17. Qb4 Qc7 18. Bg3 e5 19. c5 Nd5 20. Qc4 Ne3 21. Qxd4 Nxd1 22. Kxd1 Qb7 23. Qe3 Nxc5 24. b4 Na4 25. Qb3 Rad8 26. Be2 Qd7 27. Qe3 Nb2+ 28. Ke1 Nd3+ 29. Kf1 Nf4 30. Nc4 Nxe2 0-1

[Event "SV Jedesheim - SG SchwÃ¤bisch GmÃ¼nd"]
[Site "?"]
[Date "2023.12.10"]
[Round "4.6"]
[White "Anistratov, Dmitriy"]
[Black "Weiss, Andreas"]
[Result "1-0"]
[WhiteElo "2251"]
[BlackElo "2107"]
[PlyCount "91"]
[EventDate "2023.??.??"]

1. e4 c5 2. Nf3 e6 3. b3 b6 4. c4 Bb7 5. Nc3 d6 6. d4 cxd4 7. Nxd4 Nf6 8. Bd3 Nbd7 9. O-O g6 10. Ba3 a6 11. Qe2 Be7 12. Rad1 O-O 13. Bb1 Re8 14. Nc2 Qc7 15. Bb2 d5 16. cxd5 exd5 17. Nxd5 Nxd5 18. exd5 Bd6 19. Ne3 Bxh2+ 20. Kh1 Be5 21. Ng4 Bxb2 22. Qxb2 Qf4 23. Rd4 Qg5 24. Qd2 Qxd2 25. Rxd2 f5 26. Ne3 Nf6 27. Rfd1 Rad8 28. Rd4 Rd6 29. b4 b5 30. Bc2 Red8 31. Kg1 Kf8 32. Bb3 Ke7 33. f3 R6d7 34. g4 fxg4 35. fxg4 Kd6 36. g5 Nh5 37. Re4 Re7 38. Re6+ Kd7 39. Ng4 Rf8 40. Ne5+ Ke8 41. Rxe7+ Kxe7 42. d6+ Kd8 43. d7 Nf4 44. Kh2 Ke7 45. Nf7 Ne6 46. Bxe6 1-0

[Event "SV Jedesheim - SG SchwÃ¤bisch GmÃ¼nd"]
[Site "?"]
[Date "2023.12.10"]
[Round "4.7"]
[White "Pohl, Walter"]
[Black "Bossinger, Patrick"]
[Result "0-1"]
[WhiteElo "2108"]
[BlackElo "2070"]
[PlyCount "40"]
[EventDate "2023.??.??"]

1. e4 c5 2. Nf3 Nc6 3. Bb5 g6 4. O-O Bg7 5. c3 Nf6 6. Qa4 O-O 7. d4 cxd4 8. cxd4 d5 9. e5 Nd7 10. Bxc6 Nb6 11. Qb5 bxc6 12. Qc5 Bb7 13. b3 Nd7 14. Qc3 c5 15. dxc5 d4 16. Nxd4 Nxe5 17. Be3 Qd5 18. f3 Nc6 19. Rd1 Rad8 20. Na3 Nxd4 0-1

[Event "SV Jedesheim - SG SchwÃ¤bisch GmÃ¼nd"]
[Site "?"]
[Date "2023.12.10"]
[Round "4.8"]
[White "Jaskulski, Jan"]
[Black "Bader, Gerd"]
[Result "1-0"]
[WhiteElo "1982"]
[BlackElo "2044"]
[PlyCount "115"]
[EventDate "2023.??.??"]

1. e4 d6 2. d4 e5 3. Nf3 Nd7 4. Bc4 c6 5. O-O Be7 6. Qe2 Ngf6 7. Rd1 Qc7 8. Bb3 O-O 9. c3 Nb6 10. h3 Re8 11. Bg5 Nbd7 12. Nbd2 Nf8 13. dxe5 dxe5 14. Nc4 Ng6 15. Nfxe5 Nxe5 16. Bf4 Bf8 17. Nxe5 Rxe5 18. Qc4 Be6 19. Qd4 Nd7 20. Bxe6 fxe6 21. Qxd7 Qxd7 22. Rxd7 Rxe4 23. Be3 b6 24. a4 Bc5 25. Bxc5 bxc5 26. Kf1 a5 27. Re1 Rxe1+ 28. Kxe1 Rb8 29. Ra7 Rxb2 30. Rxa5 Rb1+ 31. Kd2 Rb2+ 32. Ke3 Ra2 33. Rxc5 Rxa4 34. Rxc6 Kf7 35. f4 Kf6 36. g4 g6 37. g5+ Ke7 38. Rc7+ Kd6 39. Rxh7 Rc4 40. Rh6 Rxc3+ 41. Kd4 Ra3 42. h4 Rh3 43. Ke4 Ke7 44. Rxg6 Rxh4 45. Ke5 Kd7 46. Rg7+ Kd8 47. Kd6 Ke8 48. Kxe6 Kf8 49. Rf7+ Kg8 50. g6 Rh1 51. f5 Ra1 52. Rd7 Ra6+ 53. Rd6 Ra8 54. Kf6 Rf8+ 55. Kg5 Ra8 56. f6 Rb8 57. Rd7 Ra8 58. Kh6 1-0